| 000 | 00887nam a2200277 a 4500 | ||
|---|---|---|---|
| 001 | 4442383 | ||
| 003 | OSt | ||
| 005 | 20160709105925.0 | ||
| 008 | 940713s1989 enk d 000 0 eng d | ||
| 010 | _a 94182553 | ||
| 020 | _a0140511199 | ||
| 040 | _c0 | ||
| 042 | _alccopycat | ||
| 050 | 0 | 0 | _aQA 5 .P4425 1989 |
| 245 | 0 | 4 |
_aThe Penguin dictionary of mathematics / _c[edited by] John Daintith and R.D. Nelson. |
| 246 | 3 | 0 | _aDictionary of mathematics |
| 260 |
_aLondon, England ; _aNew York, NY, USA : _bPenguin Books, _c1989. |
||
| 300 |
_a350 p. : _bill. ; _c20 cm. |
||
| 440 | 0 | _aPenguin reference books | |
| 650 | 0 |
_aMathematics _xDictionaries. |
|
| 653 | 0 | _aMathematics | |
| 700 | 1 | _aDaintith, John. | |
| 700 | 1 |
_aNelson, R. D. _q(R. David), _d1938- |
|
| 906 |
_a7 _bcbc _ccopycat _d2 _encip _f19 _gy-gencatlg |
||
| 942 |
_2lcc _cREF_BOOK _hQA 5 .P4425 1989 |
||
| 999 |
_c11462 _d11462 |
||